[Event "Valle Region-ch U10"]
[Site "Cali"]
[Date "2009.11.??"]
[Round "4.4"]
[White "Borja Martinez, Yamit"]
[Black "Martinez, Cristian Camilo"]
[Result "0-1"]
[WhiteElo "1392"]
[BlackElo "1303"]
[PlyCount "75"]
[EventDate "2009.11.14"]
[EventType "tourn"]
[EventRounds "7"]
[EventCountry "COL"]
[SourceTitle "EXT 2024"]
[Source "ChessBase"]
[SourceDate "2023.10.10"]
[SourceVersion "1"]
[SourceVersionDate "2023.10.10"]
[SourceQuality "1"]

1. Nf3 d5 2. Nc3 Nc6 3. e4 Bg4 4. exd5 Ne5 5. Be2 Nxf3+ 6. Bxf3 Bxf3 7. Qxf3 Nf6 8. d3 e6 9. Qe2 Qe7 10. Qe3 exd5 11. Qxe7+ Bxe7 12. Nb5 Bb4+ 13. c3 Ba5 14. b4 Bb6 15. Be3 0-0-0 16. Bxb6 axb6 17. Na7+ Kb8 18. Nb5 c6 19. Na3 d4 20. cxd4 Rxd4 21. 0-0-0 Rxb4 22. Nc2 Rf4 23. f3 Rd8 24. Rhf1 c5 25. g3 Rf5 26. g4 Rfd5 27. Ne1 c4 28. Kc2 Kc7 29. g5 Nh5 30. Rf2 Ng3 31. Rfd2 Nf1 32. Rf2 Ne3+ 33. Kc1 Nxd1 34. Kxd1 cxd3 35. Rd2 Kc6 36. Rxd3 Rxd3+ 37. Nxd3 Rxd3+ 38. Ke2 0-1